| 000 | 02462cam a22005414i 4500 | ||
|---|---|---|---|
| 003 | PE-LiUPU | ||
| 005 | 20250731172928.0 | ||
| 008 | 150623s1992 xxk r 000 0 eng d | ||
| 020 | _a0195072979 | ||
| 035 | _a(Sirsi) i9780195072976 | ||
| 040 |
_aPE-LiUPU _bspa _cPE-LiUPU _erda |
||
| 049 | _aPRUA | ||
| 082 | 0 | 4 |
_a225.48 _bM451992 _221 |
| 100 | 1 |
_aMetzger, Bruce M., _eautor. |
|
| 245 | 1 | 4 |
_aThe text of the new testament / _cBruce M. Metzger. |
| 264 | 1 |
_aNew York : _bOxford University press, _c1992. |
|
| 300 |
_a310 páginas ; _c21 centímetros |
||
| 336 |
_atext _2rdacontent |
||
| 337 |
_aunmediated _2rdamedia |
||
| 338 |
_avolume _2rdacarrier |
||
| 500 | _aOtra edición: 1968. | ||
| 504 | _aIncluye bibliografía. | ||
| 505 | 0 | _aThe materials for the textual criticism of the new testament. -The histiry of new testament textual criticism as reflected in printed editions of the oreek testament. | |
| 526 | _aSEG42 | ||
| 526 | _aSEG41 | ||
| 526 | _aSEG40 | ||
| 526 | _aSEG39 | ||
| 526 | _aP94 | ||
| 526 | _aP87 | ||
| 526 | _aP86 | ||
| 526 | _aP85 | ||
| 526 | _aP77 | ||
| 526 | _aP76 | ||
| 526 | _aP35 | ||
| 630 |
_aBiblia. _pN.T. _xCrítica, interpretación, etc. |
||
| 942 |
_2ddc _cBOOK |
||
| 949 |
_a225.48 M45 1992 _wDEWEY _c1 _i43900 _lCCODEBUL1 _mBUL _r0 _sY _tBOOK _u2015-6-24 _xTEOLOGIA _PP35 _0COMPRA _o.STAFF. Colección Teología |
||
| 949 |
_a225.48 M45 1992 _wDEWEY _c2 _i36596 _d2016-6-3 _e2016-6-1 _lCCODEBUL1 _mBUL _n1 _r0 _sY _tBOOK _u2015-6-24 _xTEOLOGIA _zUNKNOWN _0COMPRA _o.STAFF. Colección Teología |
||
| 949 |
_a225.48 M45 1992 _wDEWEY _c3 _i43320 _d2016-1-28 _e2016-1-27 _lCCODEBUL1 _mBUL _n1 _r0 _sY _tBOOK _u2015-6-24 _xTEOLOGIA _zUNKNOWN _0COMPRA _o.STAFF. Colección Teología |
||
| 994 |
_aC0 _bPEPRU |
||
| 596 | _a1 | ||
| 999 |
_a225.48 M45 1992 _wDEWEY _c20527 _i43900 _f2021-11-11 _g10 _lCCODEBUL1 _mBUL _r0 _sY _tBOOK _u2015-6-24 _xTEOLOGIA _PP35 _0COMPRA _o.STAFF. Colección General _d20527 |
||
| 999 |
_a225.48 M45 1992 _wDEWEY _c2 _i43320 _d2016-1-28 _e2016-1-27 _f2021-11-9 _g5 _lCCODEBUL1 _mBUL _n1 _p28.00 _r0 _sY _tBOOK _u2015-6-24 _xTEOLOGIA _PP35 _0COMPRA _o.STAFF. Colección Teología |
||
| 999 |
_a225.48 M45 1992 _wDEWEY _c3 _i36596 _d2016-6-3 _e2016-6-1 _f2021-11-11 _g5 _lCCODEBUL1 _mBUL _n1 _p30.00 _r0 _sY _tBOOK _u2015-6-24 _xTEOLOGIA _PP35 _0COMPRA _o.STAFF. Colección Teología |
||
| 980 |
_81 _gALBERTO SANCHEZ Responsable de Automatización |
||